<?xml version="1.0" encoding="UTF-8"?>
<collection xmlns="http://www.loc.gov/MARC21/slim">
 <record>
  <leader>01599nam a22002417a 4500</leader>
  <controlfield tag="001">NCT_145294</controlfield>
  <controlfield tag="008">171006b        xxu||||| |||| 00| 0 vie d</controlfield>
  <datafield tag="999" ind1=" " ind2=" ">
   <subfield code="c">7484</subfield>
   <subfield code="d">7484</subfield>
  </datafield>
  <datafield tag="020" ind1=" " ind2=" ">
   <subfield code="c">200000</subfield>
   <subfield code="a">9786047378951</subfield>
  </datafield>
  <datafield tag="082" ind1="0" ind2="4">
   <subfield code="2">23rd ed.</subfield>
   <subfield code="a">612.3</subfield>
   <subfield code="b">Đ552</subfield>
  </datafield>
  <datafield tag="100" ind1="1" ind2=" ">
   <subfield code="a">Quách Ngọc Đức</subfield>
   <subfield code="e">Chủ biên</subfield>
  </datafield>
  <datafield tag="245" ind1="1" ind2="0">
   <subfield code="a">Bài giảng hệ tiêu hoá :</subfield>
   <subfield code="b">Chương trình Y đa khoa đổi mới</subfield>
   <subfield code="c">Quách Ngọc Đức (Chủ biên) ; Lê Văn Cường, Hoàng Anh Vũ,...</subfield>
  </datafield>
  <datafield tag="260" ind1=" " ind2=" ">
   <subfield code="a">Thành phố Hồ Chí Minh</subfield>
   <subfield code="b">Nxb. Đại học Quốc gia Tp. Hồ Chí Minh</subfield>
   <subfield code="c">2020</subfield>
  </datafield>
  <datafield tag="300" ind1=" " ind2=" ">
   <subfield code="a">244 tr.</subfield>
   <subfield code="b">Minh họa</subfield>
   <subfield code="c">27 cm</subfield>
  </datafield>
  <datafield tag="500" ind1=" " ind2=" ">
   <subfield code="a">ĐTTS ghi: Đại học Y Dược Thành phố Hồ Chí Minh. Module Tiêu hoá</subfield>
  </datafield>
  <datafield tag="520" ind1="3" ind2=" ">
   <subfield code="a">Nội dung sách trình bày kiến thức về hình thái và chức năng của ống tiêu hoá, các tuyến tiêu hoá; vi khuẩn thường trú đường tiêu hoá và Helicobacter pylori; sự hình thành, phát triển và điều hoà hoạt động hệ tiêu hoá.</subfield>
  </datafield>
  <datafield tag="653" ind1=" " ind2=" ">
   <subfield code="a">Y đa khoa</subfield>
  </datafield>
  <datafield tag="700" ind1="1" ind2=" ">
   <subfield code="a">Lê Văn Cường</subfield>
   <subfield code="e">Biên soạn</subfield>
  </datafield>
  <datafield tag="700" ind1="1" ind2=" ">
   <subfield code="a">Hoàng Anh Vũ</subfield>
   <subfield code="e">Biên soạn</subfield>
  </datafield>
  <datafield tag="942" ind1=" " ind2=" ">
   <subfield code="2">ddc</subfield>
   <subfield code="c">BK</subfield>
  </datafield>
  <datafield tag="952" ind1=" " ind2=" ">
   <subfield code="0">0</subfield>
   <subfield code="1">0</subfield>
   <subfield code="2">ddc</subfield>
   <subfield code="4">0</subfield>
   <subfield code="6">612_300000000000000_Đ552</subfield>
   <subfield code="7">0</subfield>
   <subfield code="9">26887</subfield>
   <subfield code="a">000001</subfield>
   <subfield code="b">000001</subfield>
   <subfield code="d">2023-03-27</subfield>
   <subfield code="o">612.3 Đ552</subfield>
   <subfield code="p">MD.21194</subfield>
   <subfield code="r">2023-03-27</subfield>
   <subfield code="v">200000.00</subfield>
   <subfield code="w">2023-03-27</subfield>
   <subfield code="y">BK</subfield>
  </datafield>
  <datafield tag="952" ind1=" " ind2=" ">
   <subfield code="0">0</subfield>
   <subfield code="1">0</subfield>
   <subfield code="2">ddc</subfield>
   <subfield code="4">0</subfield>
   <subfield code="6">612_300000000000000_Đ552</subfield>
   <subfield code="7">0</subfield>
   <subfield code="9">26888</subfield>
   <subfield code="a">000001</subfield>
   <subfield code="b">000001</subfield>
   <subfield code="d">2023-03-27</subfield>
   <subfield code="o">612.3 Đ552</subfield>
   <subfield code="p">MD.21195</subfield>
   <subfield code="r">2023-03-27</subfield>
   <subfield code="v">200000.00</subfield>
   <subfield code="w">2023-03-27</subfield>
   <subfield code="y">BK</subfield>
  </datafield>
  <datafield tag="980" ind1=" " ind2=" ">
   <subfield code="a">Thư viện Trường Đại học Nam Cần Thơ</subfield>
  </datafield>
 </record>
</collection>
